Structural and Wave Analysis Energy Policy of Ukraine in the Context of European Integration

Ukrajina ako prepojenie medzi energetickými trhmi v Baltskom a Čiernom mori. Úroveň spotreby energie na Ukrajine je nadmerná. Podpora energetickej účinnosti a rozvoj obnoviteľných zdrojov energie. Ceny ropy, ktoré je takmer nemožné predpovedať, pretože závisia od neistoty súčasných a budúcich ukazov...

Descrizione completa

Salvato in:
Dettagli Bibliografici
Autore principale: Karpenko, Lidiia
Altri autori: Izha, Mykola, Rachynsky, Anatoliy
Natura: Capitolo di libro
Lingua:inglese
Soggetti:
Tags: Aggiungi Tag
Nessun Tag, puoi essere il primo ad aggiungerne!!

MARC

LEADER 00000naa$a2200000$$$4500
001 0270689
005 20220808083948.6
041 0 |a eng 
044 |a CZ 
245 1 0 |a Structural and Wave Analysis Energy Policy of Ukraine in the Context of European Integration 
520 |a Ukrajina ako prepojenie medzi energetickými trhmi v Baltskom a Čiernom mori. Úroveň spotreby energie na Ukrajine je nadmerná. Podpora energetickej účinnosti a rozvoj obnoviteľných zdrojov energie. Ceny ropy, ktoré je takmer nemožné predpovedať, pretože závisia od neistoty súčasných a budúcich ukazovateľov ponuky a dopytu a ďalších faktorov. Logické predvídania trhu. Mechanizmus implementácie energetickej stratégie 2035. Problémy každej etapy a reálne plány štátu na reformu energetického sektoru Ukrajiny do roku 2035 v kontexte európskej praxe. 
610 2 0 |a integrácia 
610 2 0 |a energetika 
610 2 0 |a politika energetická 
610 2 0 |a zdroje energetické 
610 2 0 |a vývoz 
610 2 0 |a dovoz 
610 2 0 |a trh 
610 2 0 |a ropa 
100 1 |a Karpenko, Lidiia 
700 1 |a Izha, Mykola 
700 1 |a Rachynsky, Anatoliy